Effectif de l’OM en 2019/2020 - Statistiques

Statistiques générales
  • Ce quiz a été pris 126 fois
  • Le résultat moyen est 15 sur 27
Statistiques - réponses
Poste Joueur % Correct
G Steve Mandanda
99%
A Dimitri Payet
92%
M Florian Thauvin
89%
D Hiroki Sakai
89%
G Yohann Pelé
85%
A Valère Germain
84%
M Maxime Lopez
76%
M Morgan Sanson
76%
Classement 2
75%
D Boubacar Kamara
72%
M Valentin Rongier
72%
Coach André Villas-Boas
71%
D Duje Caleta-Car
67%
D Jordan Amavi
67%
A Dario Benedetto
63%
D Bouna Sarr
61%
D Alvaro Gonzales
48%
M Kevin Strootman
45%
A Nemanja Radonjic
37%
A Marley Aké
33%
M Grégory Sertic
23%
G Dia Ahmadou
21%
D Lucas Perrin
21%
M Saif Khaoui
20%
A Florian Chabrolle
15%
D Abdallah Ali Mohamed
7%
M Alexandre Philiponeau
5%
Aucun quiz correspondant
Distribution des résultats
% des personnes avec chaque résultat
Percentile par nombre de réponses
Votre historique - résultats
Vous n’avez pas pris ce quiz